[Event "GRE-chT 44th"]
[Site "Achaia"]
[Date "2016.07.06"]
[Round "2.10"]
[White "Manioti, Eleni"]
[Black "Kouta, Vasiliki"]
[Result "0-1"]
[WhiteElo "1455"]
[BlackElo "1329"]
[PlyCount "40"]
[EventDate "2016.07.05"]
[EventType "team-swiss"]
[EventRounds "7"]
[EventCountry "GRE"]
[SourceTitle "CBM 173 Extra"]
[Source "ChessBase"]
[SourceDate "2016.08.29"]
[SourceVersion "1"]
[SourceVersionDate "2016.08.29"]
[SourceQuality "1"]
[WhiteTeam "St Nicholas Lato"]
[BlackTeam "Kifisias AO"]
[WhiteTeamCountry "GRE"]
[BlackTeamCountry "GRE"]

1. e4 e6 2. d4 d5 3. exd5 exd5 4. Bd3 Bd6 5. Ne2 Ne7 6. Nbc3 c6 7. Bf4 Bf5 8. Qd2 0-0 9. 0-0-0 Bxd3 10. Qxd3 Ng6 11. Bg3 Qf6 12. Bxd6 Qxd6 13. h4 Nf4 14. Qf3 Nxe2+ 15. Nxe2 Nd7 16. g4 Rfe8 17. Ng3 Nb6 18. Rd3 Qb4 19. Nf5 Nc4 20. Rb3 Re1+ 0-1

[Event "GRE-chT 44th"]
[Site "Achaia"]
[Date "2016.07.05"]
[Round "1.6"]
[White "Kouta, Vasiliki"]
[Black "Kokkota, Eleni"]
[Result "1/2-1/2"]
[WhiteElo "1329"]
[BlackElo "1671"]
[PlyCount "161"]
[EventDate "2016.07.05"]
[EventType "team-swiss"]
[EventRounds "7"]
[EventCountry "GRE"]
[SourceTitle "CBM 173 Extra"]
[Source "ChessBase"]
[SourceDate "2016.08.29"]
[SourceVersion "1"]
[SourceVersionDate "2016.08.29"]
[SourceQuality "1"]
[WhiteTeam "Kifisias AO"]
[BlackTeam "Corinth Argonaftis"]
[WhiteTeamCountry "GRE"]
[BlackTeamCountry "GRE"]

1. e4 e5 2. Nf3 Nc6 3. Bc4 Bc5 4. c3 Nf6 5. d3 h6 6. Nbd2 0-0 7. Nf1 Re8 8. Ng3 Bf8 9. 0-0 a6 10. Bb3 d5 11. Qe2 Na5 12. Bc2 c5 13. Re1 Nc6 14. Nh4 g6 15. Bb3 Be6 16. Qf1 Na5 17. Nf3 Nxb3 18. axb3 dxe4 19. dxe4 Bxb3 20. c4 a5 21. Ra3 a4 22. Nd2 Qb6 23. Re3 Qc6 24. Nxb3 axb3 25. Raxb3 Ra1 26. Re1 h5 27. f3 Raa8 28. Rd3 Qe6 29. b3 Red8 30. Red1 Rd6 31. Ne2 Rad8 32. Nc3 Qc8 33. Bg5 Rxd3 34. Rxd3 Be7 35. Be3 Nd7 36. Nd5 Re8 37. Qd1 Nf8 38. Nb6 Qc6 39. Nd7 f6 40. Nxf8 Kxf8 41. Rd7 Ra8 42. Qd5 Rb8 43. Qxc6 bxc6 44. Rd3 Kf7 45. Kf2 f5 46. Ke2 Ke6 47. Kd2 f4 48. Bg1 Ra8 49. Ke2 g5 50. h3 Rg8 51. Rd2 g4 52. hxg4 hxg4 53. Bf2 gxf3+ 54. gxf3 Rh8 55. Rd1 Rh2 56. Ke1 Bh4 57. Bxh4 Rxh4 58. Rd3 Rh2 59. Rd2 Rh1+ 60. Ke2 Rb1 61. Rd3 Ra1 62. Rd1 Ra3 63. Rd3 Ke7 64. Ke1 Ra8 65. Rd1 Rb8 66. Rd3 Rb6 67. Ke2 Ke6 68. Kf2 Rb7 69. Ke2 Rh7 70. Kd2 Rh2+ 71. Ke1 Rh7 72. Ke2 Ra7 73. Rd2 Rb7 74. Rd3 Rh7 75. Rd1 Rh2+ 76. Ke1 Rb2 77. Rd3 Rb1+ 78. Ke2 Rb2+ 79. Ke1 Rb1+ 80. Ke2 Rb2+ 81. Ke1 1/2-1/2

[Event "GRE-ch U16 Girls"]
[Site "Porto Rio"]
[Date "2016.07.01"]
[Round "5"]
[White "Kouta, Vasiliki"]
[Black "Papaefstratiou, Despina"]
[Result "1-0"]
[WhiteElo "1329"]
[BlackElo "1330"]
[PlyCount "117"]
[EventDate "2016.06.28"]
[EventType "swiss"]
[EventRounds "9"]
[EventCountry "GRE"]
[SourceTitle "CBM 173 Extra"]
[Source "ChessBase"]
[SourceDate "2016.08.29"]
[SourceVersion "1"]
[SourceVersionDate "2016.08.29"]
[SourceQuality "1"]

1. e4 e6 2. d4 d5 3. exd5 exd5 4. Bd3 Nf6 5. h3 Be7 6. Ne2 0-0 7. 0-0 Nbd7 8. Bf4 Re8 9. Nd2 Nf8 10. Re1 Ng6 11. Bh2 Bd6 12. Bxd6 Qxd6 13. c3 Nh5 14. Bxg6 Qxg6 15. Nf4 Rxe1+ 16. Qxe1 Qc6 17. Nxh5 Bd7 18. Qe5 Qg6 19. Qxd5 Bc6 20. Nf4 Bxd5 21. Nxg6 hxg6 22. Re1 Kf8 23. f3 Rd8 24. a3 f5 25. Re5 c5 26. dxc5 Bf7 27. Nf1 Rd1 28. Kf2 Bc4 29. Re1 Rd5 30. c6 bxc6 31. Re6 Rb5 32. Rxc6 Rxb2+ 33. Kg1 Bf7 34. Rc8+ Be8 35. Ne3 a5 36. Nc4 Ra2 37. Nd6 Re2 38. Rxe8+ Rxe8 39. Nxe8 Kxe8 40. Kf2 Kd7 41. Ke3 g5 42. Kd4 Kc6 43. Kc4 f4 44. a4 Kb6 45. Kd5 Kc7 46. Kc5 g6 47. c4 Kb7 48. Kd6 Kc8 49. Kc6 Kb8 50. Kd7 g4 51. c5 gxf3 52. gxf3 g5 53. c6 g4 54. c7+ Ka7 55. hxg4 Kb7 56. c8Q+ Ka7 57. Qc5+ Ka8 58. Qxa5+ Kb8 59. Kc6 1-0

[Event "GRE-ch U16 Girls"]
[Site "Porto Rio"]
[Date "2016.06.29"]
[Round "3"]
[White "Kouta, Vasiliki"]
[Black "Plouska, Antigoni"]
[Result "1/2-1/2"]
[WhiteElo "1329"]
[BlackElo "1205"]
[PlyCount "55"]
[EventDate "2016.06.28"]
[EventType "swiss"]
[EventRounds "9"]
[EventCountry "GRE"]
[SourceTitle "CBM 173 Extra"]
[Source "ChessBase"]
[SourceDate "2016.08.29"]
[SourceVersion "1"]
[SourceVersionDate "2016.08.29"]
[SourceQuality "1"]

1. e4 c5 2. Nf3 Nc6 3. Bb5 e6 4. Bxc6 bxc6 5. 0-0 d5 6. exd5 cxd5 7. d4 Nf6 8. Nbd2 Bd6 9. Re1 0-0 10. c4 Bb7 11. cxd5 Nxd5 12. dxc5 Bxc5 13. Ne4 Bb6 14. Bd2 Rc8 15. Nc3 Re8 16. Nxd5 Bxd5 17. Bc3 Qe7 18. Bd4 Qb7 19. Bxb6 Qxb6 20. b3 Red8 21. Qe2 Rc3 22. Ng5 h6 23. Ne4 Bxe4 24. Qxe4 Rd2 25. Re2 Rd8 26. Ree1 Rd2 27. Re2 Rd8 28. Ree1 1/2-1/2

[Event "GRE-chT 42nd"]
[Site "Porto Rio"]
[Date "2014.06.29"]
[Round "3.7"]
[White "Kalyva, Kyriaki"]
[Black "Kouta, Vasiliki"]
[Result "0-1"]
[WhiteElo "1464"]
[BlackElo "1264"]
[PlyCount "96"]
[EventDate "2014.06.28"]
[EventType "team-swiss"]
[EventRounds "7"]
[EventCountry "GRE"]
[SourceTitle "CBM 161 Extra"]
[Source "ChessBase"]
[SourceDate "2014.08.29"]
[SourceVersion "1"]
[SourceVersionDate "2014.08.29"]
[SourceQuality "1"]
[WhiteTeam "Patron CN"]
[BlackTeam "Chess Spring"]
[WhiteTeamCountry "GRE"]
[BlackTeamCountry "GRE"]

1. e4 e6 2. d4 d5 3. e5 c5 4. Nf3 Nc6 5. c3 Bd7 6. Be2 Nge7 7. 0-0 Nf5 8. Be3 cxd4 9. cxd4 Qb6 10. Qd2 Rc8 11. Nc3 Be7 12. Rac1 0-0 13. Rfd1 Na5 14. Ne1 Nc4 15. Bxc4 Rxc4 16. Rc2 Rfc8 17. f4 Bb4 18. Bf2 Qa5 19. Rdc1 Ba4 20. b3 Bxb3 21. axb3 Bxc3 22. Qd1 R4c7 23. g4 Ne7 24. Nd3 Rc6 25. Qf3 Bxd4 26. Rxc6 Bxf2+ 27. Nxf2 Rxc6 28. Rxc6 Nxc6 29. Qe3 Qa1+ 30. Kg2 Qd4 31. Qg3 Na5 32. f5 Nc6 33. Nd3 Qe4+ 34. Qf3 Qxf3+ 35. Kxf3 Nd4+ 36. Ke3 Nxb3 37. Nb4 Kf8 38. Kd3 Ke8 39. Kc3 Na5 40. Nd3 Kd7 41. Kb4 Nc4 42. Kb5 a6+ 43. Kb4 Kc6 44. Ka4 Ne3 45. fxe6 fxe6 46. h3 Nc4 47. Kb4 g5 48. Nc5 a5+ 0-1

[Event "GRE-ch U12 Girls"]
[Site "Patras"]
[Date "2013.07.10"]
[Round "4.3"]
[White "Vozinaki, Anthi Maria"]
[Black "Kouta, Vasiliki"]
[Result "1/2-1/2"]
[WhiteElo "1514"]
[BlackElo "1305"]
[PlyCount "139"]
[EventDate "2013.07.08"]
[EventType "swiss"]
[EventRounds "9"]
[EventCountry "GRE"]
[SourceTitle "EXT 2024"]
[Source "ChessBase"]
[SourceDate "2023.10.10"]
[SourceVersion "1"]
[SourceVersionDate "2023.10.10"]
[SourceQuality "1"]

1. e4 e6 2. d4 d5 3. e5 c5 4. c3 Nc6 5. Nf3 Bd7 6. Be2 Nge7 7. 0-0 Rc8 8. Na3 a6 9. Nc2 cxd4 10. cxd4 Nf5 11. Kh1 Be7 12. Bd3 Nh4 13. Nxh4 Bxh4 14. Qg4 g6 15. g3 Be7 16. h4 h5 17. Qf3 Bxh4 18. gxh4 Qxh4+ 19. Kg1 Nxd4 20. Nxd4 Qxd4 21. Qe3 Qh4 22. Bd2 Bc6 23. Qg3 Qe7 24. Bg5 Qb4 25. Bf6 Rh6 26. Qg5 Qg4+ 27. Qxg4 hxg4 28. Be2 d4 29. f4 Rh1+ 30. Kf2 Rh2+ 31. Ke1 Be4 32. Rd1 Rc2 33. Rd2 Rxd2 34. Kxd2 d3 35. Re1 Rxe2+ 36. Rxe2 dxe2 37. Kxe2 Bf3+ 38. Kf2 Kd7 39. Bh4 Kc6 40. Bg3 Kd5 41. Bh2 Kd4 42. Kg3 Ke3 43. Kh4 Kf2 44. Bg3+ Kg2 45. Be1 b6 46. Bd2 Kf2 47. Bc3 b5 48. Bd4+ Kg2 49. Bc3 Bd1 50. Be1 Kf3 51. Bg3 Ke3 52. Kg5 Kd2 53. Kf6 Bc2 54. Kg5 Bf5 55. Bf2 Ke2 56. Bg3 Kf3 57. Kh4 Ke2 58. Bh2 b4 59. a3 a5 60. axb4 axb4 61. Bg3 b3 62. Bh2 Kf3 63. Bg3 Ke4 64. Bh2 Kd5 65. Bg3 Kc6 66. Bh2 Kd7 67. Bg3 Ke7 68. Kg5 Kd7 69. Bh2 Kc6 70. Kh4 1/2-1/2

[Event "GRE-ch U10 Girls"]
[Site "Eretria"]
[Date "2011.06.26"]
[Round "2.6"]
[White "Kouta, Vasiliki"]
[Black "Pramateftaki, Loukia"]
[Result "1-0"]
[WhiteElo "1359"]
[BlackElo "1311"]
[PlyCount "39"]
[EventDate "2011.06.25"]
[EventType "swiss"]
[EventRounds "9"]
[EventCountry "GRE"]
[SourceTitle "EXT 2024"]
[Source "ChessBase"]
[SourceDate "2023.10.10"]
[SourceVersion "1"]
[SourceVersionDate "2023.10.10"]
[SourceQuality "1"]

1. e4 e6 2. d4 d5 3. Nc3 c5 4. Bb5+ Nc6 5. Nf3 a6 6. Be2 dxe4 7. Nxe4 cxd4 8. Bf4 f5 9. Ng3 Bb4+ 10. Kf1 Nf6 11. Bg5 e5 12. Nh5 b5 13. Nxg7+ Kf8 14. Nh5 Be7 15. Bh6+ Kg8 16. Nxf6+ Bxf6 17. c3 e4 18. Qb3+ Qd5 19. Qxd5+ Be6 20. Qxe6# 1-0